[Event "Caorle op"]
[Site "Caorle"]
[Date "1988.??.??"]
[Round "4"]
[White "Saesseli, K."]
[Black "Spoeltman, Willem"]
[Result "0-1"]
[WhiteElo "2200"]
[BlackElo "2200"]
[PlyCount "50"]
[EventDate "1988.??.??"]
[EventType "swiss"]
[EventRounds "8"]
[EventCountry "ITA"]
[SourceTitle "EXT 1999"]
[Source "ChessBase"]
[SourceDate "1998.11.16"]
[SourceVersion "1"]
[SourceVersionDate "1998.11.16"]
[SourceQuality "1"]

1. d4 Nf6 2. c4 g6 3. Nc3 Bg7 4. e4 d6 5. Nf3 0-0 6. Be3 Nbd7 7. h3 e5 8. dxe5 dxe5 9. Qd2 c6 10. Be2 Qe7 11. 0-0 Nc5 12. Qc2 a5 13. Ne1 Rd8 14. b3 Nfxe4 15. Nxe4 Nxe4 16. Nf3 Nc5 17. Rad1 Bf5 18. Qc1 Nd3 19. Bxd3 Rxd3 20. Rxd3 Bxd3 21. Re1 e4 22. Nh2 a4 23. f3 axb3 24. axb3 Qb4 25. Qd2 Bc3 0-1

[Event "Caorle op"]
[Site "Caorle"]
[Date "1988.??.??"]
[Round "6"]
[White "Spoeltman, Willem"]
[Black "Campini, Marco"]
[Result "0-1"]
[WhiteElo "2200"]
[BlackElo "2035"]
[PlyCount "90"]
[EventDate "1988.??.??"]
[EventType "swiss"]
[EventRounds "8"]
[EventCountry "ITA"]
[SourceTitle "EXT 1999"]
[Source "ChessBase"]
[SourceDate "1998.11.16"]
[SourceVersion "1"]
[SourceVersionDate "1998.11.16"]
[SourceQuality "1"]

1. e4 c5 2. Nf3 d6 3. d4 cxd4 4. Nxd4 Nf6 5. Nc3 a6 6. Bc4 Qc7 7. Bb3 e6 8. 0-0 Be7 9. f4 Nc6 10. Be3 b5 11. f5 Nxd4 12. Qxd4 0-0 13. fxe6 fxe6 14. Nd5 Nxd5 15. Bxd5 Rb8 16. Qa7 Bd8 17. Rxf8+ Kxf8 18. Rf1+ Kg8 19. Bb3 Qxa7 20. Bxa7 Rb7 21. Bf2 Bf6 22. Rd1 Be5 23. Bd4 Bxd4+ 24. Rxd4 Rb6 25. a4 bxa4 26. Rxa4 Kf7 27. Kf2 Kf6 28. Ke3 Ke5 29. Rc4 Bb7 30. Rc7 Bxe4 31. Rxg7 Bg6 32. h4 d5 33. Rd7 Rb4 34. g3 d4+ 35. Kd2 d3 36. Kc3 dxc2 37. Bxc2 Rg4 38. Bxg6 hxg6 39. Rd3 a5 40. Kd2 Rb4 41. Kc2 Ke4 42. Kc3 e5 43. Rd6 Kf5 44. Rd3 Re4 45. Kd2 Rd4 0-1